<?xml version="1.0" encoding="UTF-8"?><?xml-stylesheet type="text/xsl" href="static/style.xsl"?><OAI-PMH xmlns="http://www.openarchives.org/OAI/2.0/" xmlns:xsi="http://www.w3.org/2001/XMLSchema-instance" xsi:schemaLocation="http://www.openarchives.org/OAI/2.0/ http://www.openarchives.org/OAI/2.0/OAI-PMH.xsd"><responseDate>2026-04-13T03:08:47Z</responseDate><request verb="GetRecord" identifier="oai:www.recercat.cat:11351/11393" metadataPrefix="marc">https://recercat.cat/oai/request</request><GetRecord><record><header><identifier>oai:recercat.cat:11351/11393</identifier><datestamp>2024-06-06T08:39:48Z</datestamp><setSpec>com_2072_378070</setSpec><setSpec>com_2072_378040</setSpec><setSpec>col_2072_378092</setSpec></header><metadata><record xmlns="http://www.loc.gov/MARC21/slim" xmlns:dcterms="http://purl.org/dc/terms/" xmlns:xsi="http://www.w3.org/2001/XMLSchema-instance" xmlns:doc="http://www.lyncode.com/xoai" xsi:schemaLocation="http://www.loc.gov/MARC21/slim http://www.loc.gov/standards/marcxml/schema/MARC21slim.xsd">
   <leader>00925njm 22002777a 4500</leader>
   <datafield ind2=" " ind1=" " tag="042">
      <subfield code="a">dc</subfield>
   </datafield>
   <datafield ind2=" " ind1=" " tag="720">
      <subfield code="a">Auclin, Edouard</subfield>
      <subfield code="e">author</subfield>
   </datafield>
   <datafield ind2=" " ind1=" " tag="720">
      <subfield code="a">Zubiri, Leyre</subfield>
      <subfield code="e">author</subfield>
   </datafield>
   <datafield ind2=" " ind1=" " tag="720">
      <subfield code="a">sophie, schneider</subfield>
      <subfield code="e">author</subfield>
   </datafield>
   <datafield ind2=" " ind1=" " tag="720">
      <subfield code="a">Minatta, Jose Nicolas</subfield>
      <subfield code="e">author</subfield>
   </datafield>
   <datafield ind2=" " ind1=" " tag="720">
      <subfield code="a">REMON, JORDI</subfield>
      <subfield code="e">author</subfield>
   </datafield>
   <datafield ind2=" " ind1=" " tag="720">
      <subfield code="a">Rodriguez-Abreu, Delvys</subfield>
      <subfield code="e">author</subfield>
   </datafield>
   <datafield ind2=" " ind1=" " tag="720">
      <subfield code="a">MUÑOZ COUSELO, EVA</subfield>
      <subfield code="e">author</subfield>
   </datafield>
   <datafield ind2=" " ind1=" " tag="260">
      <subfield code="c">2024-04-30T09:24:56Z</subfield>
   </datafield>
   <datafield ind2=" " ind1=" " tag="260">
      <subfield code="c">2024-04-30T09:24:56Z</subfield>
   </datafield>
   <datafield ind2=" " ind1=" " tag="260">
      <subfield code="c">2024-04-22</subfield>
   </datafield>
   <datafield ind2=" " ind1=" " tag="520">
      <subfield code="a">Cancer; Immune checkpoint inhibitors; Solid-organ transplant</subfield>
   </datafield>
   <datafield ind2=" " ind1=" " tag="520">
      <subfield code="a">Cáncer; Inhibidores de puntos de control inmunitario; Trasplante de órganos sólidos</subfield>
   </datafield>
   <datafield ind2=" " ind1=" " tag="520">
      <subfield code="a">Càncer; Inhibidors de punts de control immunitari; Trasplantament d'òrgans sòlids</subfield>
   </datafield>
   <datafield ind2=" " ind1=" " tag="520">
      <subfield code="a">Background&#xd;
Patients with solid organ transplant (SOT) and solid tumors are usually excluded from clinical trials testing immune checkpoint blockers (ICB). As transplant rates are increasing, we aimed to evaluate ICB outcomes in this population, with a special focus on lung cancer.&#xd;
Methods&#xd;
We conducted a multicenter retrospective cohort study collecting real data of ICB use in patients with SOT and solid tumors. Clinical data and treatment outcomes were assessed by using retrospective medical chart reviews in every participating center. Study endpoints were: overall response rate (ORR), 6-month progression-free survival (PFS), and grade ≥3 immune-related adverse events.&#xd;
Results&#xd;
From August 2016 to October 2022, 31 patients with SOT (98% kidney) and solid tumors were identified (36.0% lung cancer, 19.4% melanoma, 13.0% genitourinary cancer, 6.5% gastrointestinal cancer). Programmed death-ligand 1 expression was positive in 29% of tumors. Median age was 61 years, 69% were males, and 71% received ICB as first-line treatment. In the whole cohort the ORR was 45.2%, with a 6-month PFS of 56.8%. In the lung cancer cohort, the ORR was 45.5%, with a 6-month PFS of 32.7%, and median overall survival of 4.6 months. The grade 3 immune-related adverse events rate leading to ICB discontinuation was 12.9%. Allograft rejection rate was 25.8%, and risk of rejection was similar regardless of the type of ICB strategy (monotherapy or combination, 28% versus 33%, P = 1.0) or response to ICB treatment.&#xd;
Conclusions&#xd;
ICB could be considered a feasible option for SOT recipients with some advanced solid malignancies and no alternative therapeutic options. Due to the risk of allograft rejection, multidisciplinary teams should be involved before ICB therapy.</subfield>
   </datafield>
   <datafield ind1="8" ind2=" " tag="024">
      <subfield code="a">http://hdl.handle.net/11351/11393</subfield>
   </datafield>
   <datafield tag="653" ind2=" " ind1=" ">
      <subfield code="a">Càncer</subfield>
   </datafield>
   <datafield tag="653" ind2=" " ind1=" ">
      <subfield code="a">Immunosupressió</subfield>
   </datafield>
   <datafield tag="653" ind2=" " ind1=" ">
      <subfield code="a">Trasplantació d'òrgans, teixits, etc.</subfield>
   </datafield>
   <datafield tag="653" ind2=" " ind1=" ">
      <subfield code="a">Rebuig (Biologia)</subfield>
   </datafield>
   <datafield tag="653" ind2=" " ind1=" ">
      <subfield code="a">DISEASES::Neoplasms</subfield>
   </datafield>
   <datafield tag="653" ind2=" " ind1=" ">
      <subfield code="a">ANALYTICAL, DIAGNOSTIC AND THERAPEUTIC TECHNIQUES, AND EQUIPMENT::Investigative Techniques::Immunologic Techniques::Immunosuppression</subfield>
   </datafield>
   <datafield tag="653" ind2=" " ind1=" ">
      <subfield code="a">PHENOMENA AND PROCESSES::Immune System Phenomena::Transplantation Immunology::Host vs Graft Reaction::Graft Rejection</subfield>
   </datafield>
   <datafield tag="653" ind2=" " ind1=" ">
      <subfield code="a">ANALYTICAL, DIAGNOSTIC AND THERAPEUTIC TECHNIQUES, AND EQUIPMENT::Surgical Procedures, Operative::Transplantation::Organ Transplantation</subfield>
   </datafield>
   <datafield tag="653" ind2=" " ind1=" ">
      <subfield code="a">ENFERMEDADES::neoplasias</subfield>
   </datafield>
   <datafield tag="653" ind2=" " ind1=" ">
      <subfield code="a">TÉCNICAS Y EQUIPOS ANALÍTICOS, DIAGNÓSTICOS Y TERAPÉUTICOS::técnicas de investigación::técnicas inmunológicas::inmunosupresión</subfield>
   </datafield>
   <datafield tag="653" ind2=" " ind1=" ">
      <subfield code="a">FENÓMENOS Y PROCESOS::fenómenos del sistema inmunitario::inmunología del trasplante::reacción huésped contra injerto::rechazo del injerto</subfield>
   </datafield>
   <datafield tag="653" ind2=" " ind1=" ">
      <subfield code="a">TÉCNICAS Y EQUIPOS ANALÍTICOS, DIAGNÓSTICOS Y TERAPÉUTICOS::intervenciones quirúrgicas::trasplante::trasplante de órganos</subfield>
   </datafield>
   <datafield ind2="0" ind1="0" tag="245">
      <subfield code="a">Immune checkpoint blockers in solid organ transplant recipients and cancer: the INNOVATED cohort</subfield>
   </datafield>
</record></metadata></record></GetRecord></OAI-PMH>